Statistics for Nadi International Airport Destinations (Nadi, Fiji)

Click here to take the quiz!

General Stats

  • This quiz has been taken 35 times
    (4 since last reset)
  • The average score is 14 of 42

Answer Stats

AirlineDestination% Correct
Fiji AirwaysAdelaide
67%
Fiji AirwaysApia (Faleolo)
67%
Air New Zealand/Fiji AirwaysAuckland
67%
Fiji Airways/Virgin AustraliaBrisbane
67%
Fiji AirwaysChristchurch
67%
Air Niugini/Fiji Airways/Solomon AirlinesHoniara
67%
Fiji AirwaysHonolulu
67%
Fiji AirwaysLos Angeles
67%
Fiji Airways/JetstarVirgin AustraliaMelbourne
67%
Aircalin/Fiji AirwaysNoumea
67%
Fiji AirwaysNuku'alofa
67%
Air Vanuatu/Fiji Airways/Solomon AirlinesPort Vila
67%
Fiji AirwaysSan Francisco
67%
Fiji Airways/Jetstar/Qantas/Virgin AustraliaSydney
67%
Fiji AirwaysTokyo (Narita)
67%
Fiji AirwaysWellington
67%
Fiji AirwaysCanberra
33%
Fiji AirwaysFunafuti
33%
Fiji AirwaysKiritimati
33%
Northern AirKoro
33%
Nauru AirlinesNauru
33%
AircalinPapeete
33%
Air NiuginiPort Moresby
33%
Fiji AirwaysSingapore
33%
Fiji Link/Northern AirSuva
33%
Fiji AirwaysTarawa
33%
Fiji AirwaysVancouver
33%
Northern AirGau
0%
Fiji AirwaysHong Kong
0%
Fiji LinkKadavu
0%
Fiji Link/Northern AirLabasa
0%
Northern AirLaucala
0%
Northern AirLevuka
0%
Pacific Island AirMalolo Lailai
0%
Pacific Island AirMana Island
0%
Northern AirMoala
0%
Hibiscus AirPacific Harbour
0%
Fiji Link/Northern AirRotuma
0%
Fiji Link/Northern AirSavusavu
0%
Fiji Link/Northern AirTaveuni
0%
Fiji LinkVava'u
0%
AircalinWallis Island
0%

Score Distribution

Percentile by Number Answered

Percent of People with Each Score

Your Score History

You have not taken this quiz since the last reset